书目信息 |
| 题名: |
术语学概论
|
|
| 作者: | 隆多 , Rondeau 著 ;刘刚 , 刘健 译 | |
| 分册: | ||
| 出版信息: | 北京 科学出版社 1985 |
|
| 页数: | 220页 | |
| 开本: | 20cm | |
| 丛书名: | ||
| 单 册: | ||
| 中图分类: | H06 | |
| 科图分类: | ||
| 主题词: | 术语学--概论 | |
| 电子资源: | ||
| ISBN: | ||
| 000 | 00676nam0 2200253 45 | |
| 001 | 0185011430 | |
| 005 | 20060816090841.82 | |
| 010 | @dCNY2.40 | |
| 091 | @a17031.209 | |
| 100 | @a19960215d1985 em y0chiy0121 ea | |
| 101 | 1 | @achi@cfre |
| 102 | @aCN@b110000 | |
| 105 | @ay z 000yy | |
| 200 | 10 | @a术语学概论@Ashu yu xue gai lun@f(加)隆多(G.Rondeau)著@g刘刚,刘健译 |
| 210 | @a北京@c科学出版社@d1985 | |
| 215 | @a220页@d20cm | |
| 606 | @a术语学@x概论 | |
| 690 | @aH06@v3 | |
| 701 | 1 | @a隆多@Along duo@bG.@4著 |
| 701 | A1 | @aRondeau@bG.@4著 |
| 702 | 0 | @a刘刚@Aliu gang@4译 |
| 702 | 0 | @a刘健@Aliu jian@4译 |
| 801 | 0 | @aCN@bNLC@c20060816 |
| 905 | @f1@b210041@dH06@e63 | |
| 术语学概论/(加)隆多(G.Rondeau)著/刘刚,刘健译.-北京:科学出版社,1985 |
| 220页;20cm |
| ISBN :CNY2.40 |
| ● |
| 相关链接 |
|
|
|
|
正题名:术语学概论
索取号:H06/63
 
预约/预借
| 序号 | 登录号 | 条形码 | 馆藏地/架位号 | 状态 | 备注 |
| 1 | 0210041 | 000823620 | 第四借阅区/ [索取号:H06/63] | 在馆 | |
| 2 | 0210042 | 000823639 | 第二样本阅览室/ [索取号:H06/63] | 在馆 | |
| 3 | 0463049 | 204630499 | 密集书库/ [索取号:H06/63] | 在馆 |